Biggest U.S. Cities by State - Statistics

General Stats
  • This quiz has been taken 321 times
  • The average score is 39 of 50
Answer Stats
Hint Answer % Correct
Colorado Denver
98%
California Los Angeles
98%
Illinois Chicago
96%
Arizona Phoenix
96%
Massachusetts Boston
95%
Georgia Atlanta
94%
Hawaii Honolulu
93%
Nevada Las Vegas
93%
Louisiana New Orleans
93%
Maine Portland
92%
Oregon Portland
92%
Michigan Detroit
91%
Texas Houston
91%
Pennsylvania Philadelphia
91%
Indiana Indianapolis
90%
Mississippi Jackson
90%
Minnesota Minneapolis
90%
New York New York City
90%
Missouri Kansas City
89%
Oklahoma Oklahoma City
89%
Washington Seattle
89%
Utah Salt Lake City
88%
Alaska Anchorage
87%
Maryland Baltimore
86%
Idaho Boise
84%
Arkansas Little Rock
84%
Tennessee Memphis
83%
Florida Jacksonville
82%
Ohio Columbus
80%
Iowa Des Moines
80%
North Carolina Charlotte
77%
Rhode Island Providence
77%
New Mexico Albuquerque
74%
Kentucky Louisville
74%
Alabama Birmingham
72%
Wisconsin Milwaukee
71%
Nebraska Omaha
70%
West Virginia Charleston
69%
New Jersey Newark
63%
Wyoming Cheyenne
62%
Virginia Virginia Beach
61%
Kansas Wichita
59%
South Carolina Columbia
54%
North Dakota Fargo
51%
Montana Billings
50%
South Dakota Sioux Falls
45%
Delaware Wilmington
42%
Connecticut Bridgeport
39%
New Hampshire Manchester
39%
Vermont Burlington
38%
No matching quizzes found
Score Distribution
Percent of People with Each Score
Percentile by Number Answered
Your Score History
You have not taken this quiz